000 00466nam a2200169Ia 4500
008 090711s9999 xx 000 0 und d
082 _b1021
100 _aजोशी शशिकांत
245 _aनजर
260 _bयोगीता प्रकाशन
_c1998
300 _a104
600 _aजोशी शशिकांत
630 _aनजर
700 _aजोशी शशिकांत
730 _aनजर
942 _cBOOK
999 _c333865
_d333865